| 000 | 00417nam a2200145Ia 4500 | ||
|---|---|---|---|
| 008 | 180921t1934 xxu||||| ||||o00| 0 eng d | ||
| 041 | _aeng | ||
| 245 | _aCeylon Sessional Papers : Statement And Account of The Widows'And orphans'Pension Fund For The Year 1933. | ||
| 260 | _c1934 | ||
| 300 | _a28 cm | ||
| 500 | _aSessional Paper x-1934 | ||
| 942 | _cBK | ||
| 999 |
_c45718 _d45718 |
||
| 003 | LK-CoDNM | ||
| 040 |
_aLK-CoDNM _dLK-CoDNM _eLK-CoDNM |
||